| 000 | 01361nam a2200397 c 4500 | ||
|---|---|---|---|
| 001 | 24805 | ||
| 003 | ES-MaCES | ||
| 005 | 20150925135645.0 | ||
| 008 | 121219s2012 sp t 000 | spa d | ||
| 017 |
_aM 13095-2012 _bDL |
||
| 020 | _a9788415305170 | ||
| 035 | _aCES20120008198m | ||
| 040 |
_aES-MaCES _bspa _cES-MaCES |
||
| 245 | 0 | 3 |
_aLa negociación colectiva en las reformas laborales de 2010, 2011 y 2012 _ccoord., Ricardo Escudero Rodríguez ; autores, Ricardo Escudero Rodríguez ... [et al.] |
| 250 | _a1ª ed | ||
| 260 |
_aMadrid _bCinca _c2012 |
||
| 300 |
_a406 p. _c24 cm |
||
| 490 | 1 |
_aBiblioteca Ciencias Sociales _v17 |
|
| 541 | _cCompra | ||
| 650 | 4 |
_acampo de aplicación _930263 |
|
| 650 | 4 |
_acomentario _928971 |
|
| 650 | 4 |
_a2010-2012 _931990 |
|
| 650 | 4 |
_areforma legislativa _929892 |
|
| 650 | 4 |
_alegislación del trabajo _927166 |
|
| 650 | 4 |
_aEspaña _926964 |
|
| 650 | 4 |
_acondiciones de trabajo _928327 |
|
| 650 | 4 |
_anegociación colectiva _928362 |
|
| 653 | 1 | 0 | _aRelaciones laborales-Empleo |
| 650 | 4 |
_928369 _arelaciones laborales |
|
| 700 | 1 |
_aEscudero Rodríguez, Ricardo _ecol. _911391 |
|
| 700 | 1 |
_aEscudero Rodríguez, Ricardo _911391 |
|
| 830 | 0 |
_aBiblioteca Ciencias Sociales (Ediciones Cinca) _v17 _934144 |
|
| 902 | _aLIB Libro | ||
| 942 |
_2CES _cBK _h2.0. |
||
| 999 |
_c24805 _d24805 |
||